South America, Chile, Canal de Chacao /

Bibliographic Details
Corporate Author: United States. Defense Mapping Agency. Hydrographic/Topographic Center
Format: Government Document Map
Language:English
Published: Washington, D.C. : Defense Mapping Agency, Hydrographic/Topographic Center : 1990.
Edition:7th ed., June 16, 1990 (Correct through NM 24/90).
Subjects:

MARC

Tag First Indicator Second Indicator Subfields
LEADER 00000cem a2200000 a 4500
001 in00001069129
005 20150929103304.0
007 aj canzn
008 920312s1990 dcufgekbd a f 0 eng d
010 |a (DG92064954  
034 1 |a a  |b 60000  |d W0740500  |e W0731900  |f S0413300  |g S0415500 
035 |a (OCoLC)25466524 
035 |9 AFP6045AM 
037 |a 22 ACO 22342  |b DMA 
040 |a GPO  |c GPO  |d DLC  |d UtOrBLW 
052 |a 5332  |b C6 
052 |a 9250 
074 |a 378-E-22 
086 0 |a D 5.356:22342/990 
110 1 |a United States.  |b Defense Mapping Agency.  |b Hydrographic/Topographic Center. 
245 1 0 |a South America, Chile, Canal de Chacao /  |c prepared and published by the Defense Mapping Agency Hydrographic/Topographic Center. 
250 |a 7th ed., June 16, 1990 (Correct through NM 24/90). 
255 |a Scale 1:60,000 ;  |b Mercator proj.  |c (W 7405ʹ00ʺ--W 7319ʹ00ʺ/S 4133ʹ00ʺ--S 4155ʹ00ʺ). 
264 1 |a Washington, D.C. :  |b Defense Mapping Agency, Hydrographic/Topographic Center :  |c 1990. 
264 2 |a Washington, D.C. :  |b [DMA, Combat Support Center, DOA, distributor], 
300 |a 1 map :  |b color ;  |c 68 x 106 cm. 
336 |a cartographic image  |b cri  |2 rdacontent 
337 |a unmediated  |b n  |2 rdamedia 
338 |a sheet  |b nb  |2 rdacarrier 
500 |a Depths shown by isolines and soundings. 
500 |a Relief shown by form lines, hachures and spot heights. 
500 |a "From a Chilean chart to 1952." 
500 |a "Copyright restrictions of the country of origin continue to exist." 
500 |a "Soundings in meters." 
500 |a Includes compilation data. 
500 |a Cartographic material. 
650 0 |a Nautical charts  |z Chile  |z Chacao Channel. 
651 0 |a Chacao Channel (Chile)  |x Navigation. 
651 0 |a South Pacific Ocean  |x Navigation. 
651 0 |a Pacific Coast (Chile) 
740 0 |a Canal de Chacao. 
999 |a MARS 
999 f f |s 48befbb9-acd7-3c17-a9a2-053a33a2c598  |i df805ae7-e096-3b3b-b5c2-5f6ae76762c6  |t 0 
952 f f |p normal  |a Texas A&M University  |b College Station  |c Sterling C. Evans Library  |d Evans: Maps (2nd floor)  |t 0  |e D 5.356:22342/990  |h Superintendent of Documents classification  |i unmediated -- sheet 
998 f f |a D 5.356:22342/990  |t 0  |l Evans: Maps (2nd floor)